[Event "RUS-chT 1L"]
[Site "Sochi RUS"]
[Date "2005.04.19"]
[Round "1"]
[White "Turov, Maxim"]
[Black "Novik, Maxim"]
[Result "1-0"]
[WhiteElo "2522"]
[BlackElo "2494"]
[EventDate "2005.04.19"]
[PlyCount "92"]

1.e4 c6 2.d4 d5 3.e5 Bf5 4.Nf3 e6 5.Be2 Ne7 6.O-O Nd7 7.Na3 Bg4 8.c3 Nf5 
9.Nc2 Be7 10.Nce1 O-O 11.h3 Bxf3 12.Nxf3 c5 13.Bd3 g6 14.a4 cxd4 15.cxd4 
Nb8 16.a5 Nc6 17.Qa4 a6 18.Bd2 Qb8 19.Kh1 Qa7 20.Bc3 Rfc8 21.g4 Ng7 22.Ng1
b5 23.axb6 Qxb6 24.Ne2 Nb4 25.Bb1 a5 26.Qd1 Rf8 27.Qd2 f6 28.f4 Nc6 29.Bc2
Nb4 30.Ba4 Rf7 31.Kg2 Raf8 32.Ng1 Qd8 33.Nf3 f5 34.g5 Nh5 35.Ng1 h6 36.h4 
hxg5 37.hxg5 Rh7 38.Ne2 Bxg5 39.fxg5 f4 40.Kf3 Qxg5 41.Bxb4 Ng3 42.Bxf8 
Ne4 43.Qxf4 Rh3+ 44.Ng3 Qh5+ 45.Ke3 Rxg3+ 46.Rf3 g5 1-0

[Event "RUS-chT 1L"]
[Site "Sochi RUS"]
[Date "2005.04.19"]
[Round "1"]
[White "Yevseev, Denis"]
[Black "Kositsin, Sergey"]
[Result "1-0"]
[WhiteElo "2530"]
[BlackElo "2446"]
[EventDate "2005.04.19"]
[PlyCount "85"]

1.d4 d6 2.Nf3 Nf6 3.c4 g6 4.Nc3 Bg7 5.e4 O-O 6.Be2 e5 7.Be3 Re8 8.d5 Ng4 
9.Bg5 f6 10.Bh4 Nh6 11.Nd2 c5 12.O-O a6 13.a3 Nd7 14.Rb1 Nf7 15.Bg4 h5 16.
Be6 Nb6 17.Bxc8 Rxc8 18.f3 Rc7 19.Bf2 Bh6 20.b3 f5 21.Rb2 Qc8 22.exf5 gxf5
23.Qe2 Nd7 24.Be3 Nf6 25.b4 b6 26.Bxh6 Nxh6 27.bxc5 bxc5 28.Rb6 Nf7 29.
Rfb1 Kg7 30.Nf1 h4 31.Qb2 Rce7 32.Rb8 Qd7 33.Qf2 Rc8 34.Qxh4 Rxb8 35.Rxb8 
Qc7 36.Rb3 Qc8 37.Qg3+ Kh7 38.Qh3+ Kg6 39.Ne4 Nh5 40.Ne3 Nf4 41.Qg3+ Kh5 
42.Nf6+ Kh6 43.Ng8+ 1-0

[Event "RUS-chT 1L"]
[Site "Sochi RUS"]
[Date "2005.04.19"]
[Round "1"]
[White "Zaitsev, Vladimir"]
[Black "Smirnov, Artiom"]
[Result "1/2-1/2"]
[WhiteElo "2435"]
[BlackElo "2413"]
[EventDate "2005.04.19"]
[PlyCount "84"]

1.e4 c5 2.Nf3 Nc6 3.Bb5 g6 4.O-O Bg7 5.Re1 Nf6 6.e5 Nd5 7.Nc3 Nc7 8.Bxc6 
dxc6 9.Ne4 Ne6 10.d3 O-O 11.Be3 b6 12.Qd2 Nd4 13.Nxd4 cxd4 14.Bh6 c5 15.
Qf4 Bb7 16.Qh4 Bxh6 17.Qxh6 Qd5 18.f3 Qxe5 19.Ng5 Qg7 20.Qxg7+ Kxg7 21.
Rxe7 Bd5 22.Rae1 Rfd8 23.Kf2 Rd6 24.b3 h6 25.Nh3 g5 26.Kg3 Be6 27.f4 Kf6 
28.Rc7 Rd7 29.Rxd7 Bxd7 30.Nf2 Re8 31.Rxe8 Bxe8 32.Ne4+ Kg6 33.Nd6 Bd7 34.
a4 f6 35.Nb5 Bxb5 36.axb5 Kf5 37.fxg5 fxg5 38.Kf3 h5 39.h3 g4+ 40.hxg4+ 
hxg4+ 41.Kf2 Kf4 42.g3+ Ke5 1/2-1/2

[Event "RUS-chT 1L"]
[Site "Sochi RUS"]
[Date "2005.04.19"]
[Round "2"]
[White "Ionov, Sergei"]
[Black "Shomoev, Anton"]
[Result "1-0"]
[WhiteElo "2527"]
[BlackElo "2540"]
[EventDate "2005.04.19"]
[PlyCount "63"]

1.Nf3 Nf6 2.c4 c5 3.Nc3 d5 4.cxd5 Nxd5 5.e4 Nb4 6.Bc4 Nd3+ 7.Ke2 Nf4+ 8.
Kf1 Ne6 9.b4 g6 10.bxc5 Bg7 11.Bxe6 Bxe6 12.d4 Nc6 13.Be3 Qa5 14.Rc1 O-O-O
15.Ne2 f5 16.Ng5 Bg8 17.exf5 gxf5 18.Qc2 Kb8 19.Qxf5 e5 20.d5 Bxd5 21.Ne6 
Rd7 22.f3 Qa6 23.Nxg7 Rxg7 24.Qf6 Rxg2 25.Qxh8+ Kc7 26.Qxh7+ Kb8 27.Qh8+ 
Kc7 28.Qh7+ Kb8 29.Re1 Bxf3 30.Rg1 Rxg1+ 31.Bxg1 e4 32.Be3 1-0

[Event "RUS-chT 1L"]
[Site "Sochi RUS"]
[Date "2005.04.20"]
[Round "2"]
[White "Askarov, Marat"]
[Black "Ionov, Sergei"]
[Result "0-1"]
[WhiteElo "2455"]
[BlackElo "2527"]
[EventDate "2005.04.19"]
[PlyCount "88"]

1.g3 d5 2.Nf3 c6 3.Bg2 Bg4 4.c4 e6 5.Qb3 Qb6 6.O-O Nd7 7.Qxb6 axb6 8.cxd5 
exd5 9.d3 Nc5 10.Ne5 Nb3 11.Nxg4 Nxa1 12.e4 dxe4 13.Re1 Rxa2 14.Nc3 Ra8 
15.Nxe4 Be7 16.Nd6+ Kf8 17.Nf5 Nc2 18.Re2 Nb4 19.Bf4 Ra1+ 20.Bf1 Nd5 21.
Bd6 f6 22.f4 h5 23.Nge3 Bxd6 24.Nxd6 Nxe3 25.Rxe3 Ne7 26.Kf2 h4 27.g4 Rb1 
28.Re2 h3 29.Nxb7 Ke8 30.Nd6+ Kd7 31.Nc4 Nd5 32.Rc2 Ra1 33.f5 b5 34.Nd2 
Nb4 35.Rc3 Ra2 36.Rb3 Nc2 37.Ne4 Nd4 38.Rb4 Nc2 39.Rb3 Kc7 40.Nc5 Kd6 41.
Ne4+ Ke5 42.Kg3 Rd8 43.Nd2 Nd4 44.Ra3 Rxa3 0-1

[Event "RUS-chT 1L"]
[Site "Sochi RUS"]
[Date "2005.04.20"]
[Round "2"]
[White "Ayupov, Damir"]
[Black "Pokazanyev, Nikolai"]
[Result "1/2-1/2"]
[WhiteElo "2364"]
[BlackElo "2380"]
[EventDate "2005.04.19"]
[PlyCount "106"]

1.d4 d5 2.Nf3 Nf6 3.c4 c6 4.Nc3 e6 5.e3 a6 6.a4 c5 7.Bd3 Nc6 8.O-O dxc4 9.
Bxc4 Be7 10.Qe2 O-O 11.Rd1 Qc7 12.dxc5 Bxc5 13.h3 b6 14.e4 Nd7 15.Bg5 Bb7 
16.Rac1 Nde5 17.Ba2 h6 18.Bf4 Nxf3+ 19.Qxf3 Qe7 20.Qg4 Qf6 21.Qg3 g5 22.
Bd6 Rfd8 23.e5 Bxd6 24.exd6 Nd4 25.f4 Rxd6 26.Rf1 Rad8 27.Rce1 Nf5 28.fxg5
Qxg5 29.Qxg5+ hxg5 30.Rf2 Nh4 31.Re5 Nf5 32.g4 Ng7 33.Rxg5 Rd3 34.Bb1 Rxh3
35.Be4 Rxc3 36.Bxb7 Rc4 37.Bxa6 Rxa4 38.Be2 Rb4 39.Bf3 Rd3 40.Re5 Rbb3 41.
Kg2 Kf8 42.Re1 Ne8 43.g5 Rb5 44.g6 Rdb3 45.gxf7 Ng7 46.Ree2 Rg5+ 47.Kf1 
Rf5 48.Bg4 Rxf2+ 49.Rxf2 Rb5 50.Ke1 Nf5 51.Bh5 Nd6 52.Bg6 Rg5 53.Rf6 Nc4 
1/2-1/2

[Event "RUS-chT 1L"]
[Site "Sochi RUS"]
[Date "2005.04.20"]
[Round "2"]
[White "Babiy, Anatoly"]
[Black "Krutko, Anatoly"]
[Result "1-0"]
[WhiteElo "2473"]
[BlackElo "2358"]
[EventDate "2005.04.19"]
[PlyCount "93"]

1.d4 Nf6 2.Nf3 g6 3.c4 Bg7 4.Nc3 O-O 5.Bg5 d6 6.e3 h6 7.Bh4 g5 8.Bg3 Nh5 
9.Be2 Nxg3 10.hxg3 e6 11.Qc2 f5 12.Rd1 Nd7 13.O-O Rf7 14.Rfe1 Nf8 15.Nh2 
g4 16.e4 h5 17.Bf1 Nh7 18.exf5 exf5 19.Nd5 Bd7 20.c5 c6 21.Nf4 d5 22.Nxh5 
Bh8 23.Nf4 Ng5 24.f3 Qf8 25.fxg4 Qh6 26.Nf3 Nxf3+ 27.gxf3 fxg4 28.Qg6+ 
Qxg6 29.Nxg6 Rxf3 30.Nxh8 Kxh8 31.Re7 Bf5 32.Bg2 Rxg3 33.Kf2 Rd3 34.Rxd3 
Bxd3 35.Rxb7 Re8 36.a4 a5 37.Rc7 Re2+ 38.Kg3 Rxb2 39.Rxc6 Rb4 40.Kf4 Be4 
41.Bxe4 Rxd4 42.Ke5 Rxe4+ 43.Kxd5 Rxa4 44.Rh6+ Kg7 45.Rh4 Kf6 46.c6 Ke7 
47.Rh8 1-0

[Event "RUS-chT 1L"]
[Site "Sochi RUS"]
[Date "2005.04.20"]
[Round "2"]
[White "Bezgodov, Alexei"]
[Black "Gladyshev, Oleg"]
[Result "1-0"]
[WhiteElo "2555"]
[BlackElo "2434"]
[EventDate "2005.04.19"]
[PlyCount "72"]

1.e4 c5 2.Nf3 Nc6 3.d4 cxd4 4.Nxd4 Nf6 5.Nc3 e5 6.Ndb5 d6 7.Bg5 a6 8.Na3 
b5 9.Bxf6 gxf6 10.Nd5 Bg7 11.Bd3 Ne7 12.Nxe7 Qxe7 13.c4 f5 14.O-O O-O 15.
Qf3 bxc4 16.Nxc4 d5 17.exd5 e4 18.Qe3 Bb7 19.d6 Qf6 20.Bc2 Rac8 21.Bb3 f4 
22.Qh3 Rc5 23.Rad1 Rg5 24.Ne3 Kh8 25.d7 Rd8 26.Nd5 Bxd5 27.Bxd5 Re5 28.Bc4
Rg5 29.Rfe1 Qg6 30.Bd5 f5 31.Rc1 Rh5 32.Rc8 Bf6 33.Qc3 Qg7 34.Qc7 Qe7 35.
Rc1 Kg7 36.Rxd8 Qxd8 1-0

[Event "RUS-chT 1L"]
[Site "Sochi RUS"]
[Date "2005.04.20"]
[Round "2"]
[White "Chebotarev, Oleg"]
[Black "Kurnosov, Igor"]
[Result "0-1"]
[WhiteElo "2480"]
[BlackElo "2550"]
[EventDate "2005.04.19"]
[PlyCount "82"]

1.e4 c5 2.Nf3 d6 3.Bb5+ Bd7 4.Bxd7+ Nxd7 5.O-O Ngf6 6.Qe2 Rc8 7.c3 e6 8.d4
cxd4 9.cxd4 d5 10.e5 Ne4 11.Be3 Be7 12.Ne1 f5 13.f3 Ng5 14.Nd3 O-O 15.Nd2 
Qb6 16.Nb3 Qa6 17.Kh1 Rc7 18.Qd2 Rfc8 19.Nbc5 Nxc5 20.dxc5 d4 21.Bg1 Nf7 
22.b4 b6 23.Rfc1 bxc5 24.Nxc5 Bxc5 25.Rxc5 Rxc5 26.bxc5 Rxc5 27.Qxd4 Rc7 
28.a4 h6 29.h3 Kh7 30.a5 Qe2 31.Qd1 Qb5 32.Qb1 Qa6 33.Qb8 Rd7 34.Qe8 Nxe5 
35.f4 Rd2 36.Qa8 Nc6 37.Rc1 Rd6 38.Bb6 Qe2 39.Rxc6 Qf1+ 40.Bg1 Rd7 41.Qxa7
Rd2 0-1

[Event "RUS-chT 1L"]
[Site "Sochi RUS"]
[Date "2005.04.20"]
[Round "2"]
[White "Dobrov, Vladimir"]
[Black "Kornev, Alexei"]
[Result "0-1"]
[WhiteElo "2521"]
[BlackElo "2565"]
[EventDate "2005.04.19"]
[PlyCount "166"]

1.d4 d5 2.c4 c6 3.Nc3 Nf6 4.Nf3 dxc4 5.a4 Bf5 6.Nh4 e6 7.Nxf5 exf5 8.e3 
Bb4 9.Bxc4 O-O 10.O-O Nbd7 11.Qc2 g6 12.f3 Qb6 13.Qf2 c5 14.Na2 Ba5 15.b3 
cxd4 16.exd4 Qd6 17.Bh6 Rfc8 18.Rac1 Nd5 19.Rc2 Nf8 20.Re2 Re8 21.Rxe8 
Rxe8 22.Qg3 Qf6 23.Rd1 Bc7 24.Bg5 Bxg3 25.Bxf6 Bxh2+ 26.Kxh2 Nxf6 27.Nc3 
Rd8 28.a5 Ne6 29.d5 Nc7 30.Na4 Nce8 31.Nc5 Nd6 32.a6 bxa6 33.Nxa6 Rc8 34.
Rd4 Nd7 35.Nb4 Ne5 36.Be2 Rc3 37.f4 Nd7 38.Nc6 Rxb3 39.Nxa7 Nf6 40.Nc6 Kg7
41.Ne5 Rb2 42.Bf3 Nfe4 43.Ra4 Nc5 44.Ra7 Ncb7 45.Ra6 Rb4 46.Kg3 h5 47.Nc6 
h4+ 48.Kxh4 Rxf4+ 49.Kg3 Rc4 50.Nd8 Rd4 51.Nxb7 Nxb7 52.Rc6 Na5 53.Ra6 Nb3
54.Kf2 Nd2 55.Ke3 Nxf3 56.Ra5 Kf8 57.gxf3 Rd1 58.Kf4 Ke7 59.Ra6 Rxd5 60.
Kg5 Rd6 61.Ra8 Rd1 62.Ra7+ Kf8 63.Kf6 Rd6+ 64.Kg5 Kg7 65.Rb7 Ra6 66.Rc7 
Ra3 67.Kf4 Rd3 68.Ra7 Kf6 69.Ra6+ Ke7 70.Ra7+ Ke6 71.Ra1 f6 72.Ra6+ Rd6 
73.Ra7 g5+ 74.Kg3 Rd3 75.Ra6+ Kf7 76.Kg2 Kg6 77.Ra8 g4 78.f4 Rf3 79.Ra4 
Kh5 80.Rb4 Kh4 81.Rd4 Rg3+ 82.Kh2 Rb3 83.Rd2 Rb4 0-1

[Event "RUS-chT 1L"]
[Site "Sochi RUS"]
[Date "2005.04.20"]
[Round "2"]
[White "Gankin, Stanislav"]
[Black "Torbin, Kirill"]
[Result "1/2-1/2"]
[WhiteElo "2338"]
[BlackElo "2360"]
[EventDate "2005.04.19"]
[PlyCount "120"]

1.e4 c5 2.Nf3 Nc6 3.Bb5 g6 4.Bxc6 dxc6 5.d3 Bg7 6.h3 e5 7.Be3 Qe7 8.O-O 
Nf6 9.Qd2 O-O 10.Nc3 Rd8 11.Rad1 Ne8 12.Nh2 c4 13.Qe2 Be6 14.dxc4 Qb4 15.
Rxd8 Rxd8 16.Rd1 Ra8 17.Bc1 Qxc4 18.Qe3 Qb4 19.Nf3 f6 20.Ne1 b6 21.b3 Qe7 
22.a4 Bf8 23.Nb1 Qf7 24.Qe2 Qb7 25.Ba3 Bg7 26.Nd3 Bf7 27.Nb2 a5 28.Qg4 b5 
29.Bc5 Nc7 30.Nc3 Ne6 31.Be3 b4 32.Ne2 c5 33.Ng3 Nd4 34.Bxd4 cxd4 35.Nd3 
Rc8 36.Ne1 h5 37.Qe2 h4 38.Nf1 Be6 39.Nd2 f5 40.f3 Bh6 41.Nf1 Qc7 42.Kh1 
Bf4 43.Qf2 fxe4 44.fxe4 g5 45.Qe2 Qc6 46.Rd3 Bf7 47.Nh2 Bg6 48.Ng4 Kg7 49.
Nf2 Bg3 50.Rf3 Bh5 51.Ng4 Bxe1 52.Qxe1 Qxc2 53.Kh2 Bg6 54.Qf1 Qc7 55.Qa6 
Qc6 56.Qxa5 Qc5 57.Qa6 Rc6 58.Qb7+ Rc7 59.Qa8 Rc8 60.Qb7+ Rc7 1/2-1/2

[Event "RUS-chT 1L"]
[Site "Sochi RUS"]
[Date "2005.04.20"]
[Round "2"]
[White "Gavrilov, Alexei"]
[Black "Vitiugov, Nikita"]
[Result "0-1"]
[WhiteElo "2244"]
[BlackElo "2482"]
[EventDate "2005.04.19"]
[PlyCount "65"]

1.e4 c5 2.Nf3 e6 3.c3 d5 4.exd5 Qxd5 5.d4 Nf6 6.Be3 cxd4 7.cxd4 Bb4+ 8.Nc3
O-O 9.a3 Bxc3+ 10.bxc3 b6 11.c4 Qd6 12.Be2 Bb7 13.h3 Nc6 14.O-O Rfd8 15.
Qa4 Ne7 16.Rfd1 Nf5 17.Bg5 Qe7 18.Qb4 Rac8 19.d5 exd5 20.Bd3 Qxb4 21.axb4 
Nd6 22.cxd5 Ra8 23.Ba6 Bxa6 24.Rxa6 Nb5 25.Bxf6 gxf6 26.Raa1 Rac8 27.Nh4 
Nc3 28.Rd3 Rxd5 29.Rxd5 Nxd5 30.Rxa7 Rb8 31.Nf5 Nxb4 32.Nd6 Nd5 33.Nxf7 
0-1

[Event "RUS-chT 1L"]
[Site "Sochi RUS"]
[Date "2005.04.20"]
[Round "2"]
[White "Isaevsky, Anton"]
[Black "Maslak, Konstantin"]
[Result "1/2-1/2"]
[WhiteElo "2429"]
[BlackElo "2477"]
[EventDate "2005.04.19"]
[PlyCount "66"]

1.c4 e5 2.Nc3 Nc6 3.g3 g6 4.Bg2 Bg7 5.e3 d6 6.Nge2 Nge7 7.O-O Bg4 8.h3 Be6
9.Nd5 Qd7 10.d4 O-O 11.Kh2 exd4 12.exd4 Nf5 13.Be3 Bxd5 14.cxd5 Nxe3 15.
fxe3 Ne7 16.Rc1 c6 17.Qa4 Qe8 18.dxc6 bxc6 19.Qa3 d5 20.Rc3 Qd7 21.h4 Rfb8
22.Nf4 Rb6 23.Bh3 Qd8 24.b3 Bf8 25.Qc1 Qd6 26.Nd3 Bg7 27.Qc2 f5 28.Rc1 Re8
29.Qf2 Bh6 30.Ne5 Bg7 31.Nd3 Bh6 32.Ne5 Bg7 33.Nd3 Bh6 1/2-1/2

[Event "RUS-chT 1L"]
[Site "Sochi RUS"]
[Date "2005.04.20"]
[Round "2"]
[White "Iskusnyh, Sergei"]
[Black "Bezgodov, Alexei"]
[Result "1/2-1/2"]
[WhiteElo "2474"]
[BlackElo "2555"]
[EventDate "2005.04.19"]
[PlyCount "58"]

1.d4 d5 2.c4 e6 3.Nf3 c5 4.cxd5 exd5 5.Nc3 Nc6 6.g3 Nf6 7.Bg2 Be7 8.O-O 
O-O 9.Bg5 cxd4 10.Nxd4 h6 11.Be3 Re8 12.Qb3 Na5 13.Qc2 Bg4 14.Nf5 Rc8 15.
Bd4 Bc5 16.Bxc5 Rxc5 17.Ne3 Bh5 18.Rad1 Qc8 19.Qa4 Nc4 20.Nxc4 Rxc4 21.
Qxa7 Rxc3 22.bxc3 Bxe2 23.Qd4 Bxf1 24.Rxf1 Re2 25.Bxd5 Nxd5 26.Qxd5 Qxc3 
27.Qxb7 Rxa2 28.Qb8+ Kh7 29.Qb1+ Qc2 1/2-1/2

[Event "RUS-chT 1L"]
[Site "Sochi RUS"]
[Date "2005.04.20"]
[Round "2"]
[White "Karpov, Anatoly"]
[Black "Miroshnichenko, Evgeny"]
[Result "1-0"]
[WhiteElo "2674"]
[BlackElo "2628"]
[EventDate "2005.04.19"]
[PlyCount "57"]

1.d4 Nf6 2.c4 g6 3.Nc3 Bg7 4.e4 O-O 5.Be3 d6 6.h3 e5 7.d5 a5 8.c5 Na6 9.
cxd6 Qxd6 10.Nf3 c6 11.dxc6 Qe7 12.Bc4 bxc6 13.O-O Nc5 14.Qc2 Nfd7 15.Na4 
Ne6 16.Rfd1 Bf6 17.Rd2 Re8 18.Bxe6 Qxe6 19.Rad1 Be7 20.Ng5 Bxg5 21.Bxg5 f6
22.Be3 Nf8 23.Rd6 Qxa2 24.Rxf6 Be6 25.Nc5 Rab8 26.Rd2 Kg7 27.Rf3 Bf7 28.
Nd7 Rbd8 29.Nf6 1-0

[Event "RUS-chT 1L"]
[Site "Sochi RUS"]
[Date "2005.04.20"]
[Round "2"]
[White "Khairullin, Ildar"]
[Black "Gabrielian, Artur"]
[Result "1/2-1/2"]
[WhiteElo "2517"]
[BlackElo "2481"]
[EventDate "2005.04.19"]
[PlyCount "93"]

1.e4 c5 2.c3 d6 3.d4 Nf6 4.Bd3 g6 5.Nf3 Bg7 6.h3 O-O 7.O-O Qc7 8.Re1 Nfd7 
9.Bg5 Nc6 10.d5 Nce5 11.Bxe7 Nxf3+ 12.gxf3 Bh6 13.Bxf8 Kxf8 14.Nd2 Ne5 15.
Nc4 Qe7 16.Nxe5 Qxe5 17.Kf1 b5 18.a4 b4 19.Qc2 Rb8 20.Bc4 Bg7 21.Rac1 
Bxh3+ 22.Ke2 Bd7 23.Bb5 Bc8 24.cxb4 a6 25.Bc4 Rxb4 26.b3 h5 27.Qd2 h4 28.
Rg1 Bf6 29.Qe3 g5 30.Rc2 a5 31.Rh1 h3 32.Kf1 Qe7 33.f4 Bd4 34.Qd3 g4 35.
Re2 Qh4 36.e5 Qh5 37.exd6 Bf5 38.d7 Rb8 39.Qg3 Rd8 40.f3 Bxd7 41.d6 Bf6 
42.Re3 Bh4 43.fxg4 Bxg4 44.Rxh3 Bxh3+ 45.Qxh3 Rxd6 46.Rd3 Rd4 47.Rxd4 
1/2-1/2

[Event "RUS-chT 1L"]
[Site "Sochi RUS"]
[Date "2005.04.20"]
[Round "2"]
[White "Klimov, Sergey"]
[Black "Isaevsky, Anton"]
[Result "0-1"]
[WhiteElo "2490"]
[BlackElo "2429"]
[EventDate "2005.04.19"]
[PlyCount "120"]

1.d4 d5 2.c4 e6 3.Nc3 Be7 4.Nf3 Nf6 5.Bg5 h6 6.Bh4 O-O 7.e3 b6 8.Bd3 Bb7 
9.O-O Nbd7 10.Bg3 c5 11.Qe2 Ne4 12.cxd5 exd5 13.Rad1 Nxg3 14.hxg3 c4 15.
Bb1 Bb4 16.Qc2 Nf6 17.Ne5 Re8 18.g4 Rc8 19.f3 a6 20.Qf2 Rc7 21.f4 Ne4 22.
Bxe4 dxe4 23.g5 hxg5 24.fxg5 Qxg5 25.Nxf7 Qh5 26.Ne5 Bd6 27.Qf4 b5 28.Nxe4
Bxe5 29.dxe5 Bxe4 30.Qxe4 Qxe5 31.Qxe5 Rxe5 32.Rf3 b4 33.Rc1 Ra5 34.a3 c3 
35.bxc3 Rxa3 36.c4 Rc3 37.Rxc3 bxc3 38.Rf2 Rxc4 39.Rc2 Kf7 40.Kf2 Ke6 41.
Ke2 Rc6 42.Kd1 Ke5 43.Ra2 Ke4 44.Ra4+ Kd3 45.Rd4+ Kxe3 46.Rg4 c2+ 47.Kc1 
g6 48.Ra4 g5 49.g4 Kf3 50.Rd4 Rc5 51.Rb4 a5 52.Ra4 Ke3 53.Ra3+ Kd4 54.Ra4+
Kd5 55.Ra3 Kc6 56.Rf3 a4 57.Rf6+ Kb5 58.Rf8 a3 59.Rb8+ Ka4 60.Ra8+ Ra5 0-1

[Event "RUS-chT 1L"]
[Site "Sochi RUS"]
[Date "2005.04.20"]
[Round "2"]
[White "Kolesnikov, Evgeny"]
[Black "Askarov, Marat"]
[Result "1-0"]
[WhiteElo "2328"]
[BlackElo "2455"]
[EventDate "2005.04.19"]
[PlyCount "57"]

1.d4 Nf6 2.c4 e6 3.Nc3 d5 4.Nf3 c6 5.e3 Bd6 6.Bd3 Nbd7 7.O-O O-O 8.e4 dxe4
9.Nxe4 Nxe4 10.Bxe4 h6 11.Bc2 e5 12.Qd3 f5 13.c5 Bc7 14.Qb3+ Kh7 15.dxe5 
Nxe5 16.Re1 Qf6 17.Bf4 Nxf3+ 18.Qxf3 Bxf4 19.Qxf4 Qxb2 20.Bb3 Re8 21.Qd6 
Qc3 22.Rxe8 Qxa1+ 23.Bd1 b6 24.h4 Bb7 25.Re7 Ba6 26.Kh2 bxc5 27.Bh5 Kh8 
28.Qxc6 Rb8 29.Re8+ 1-0

[Event "RUS-chT 1L"]
[Site "Sochi RUS"]
[Date "2005.04.20"]
[Round "2"]
[White "Kurnosov, Igor"]
[Black "Nevostruev, Vladimir"]
[Result "1-0"]
[WhiteElo "2550"]
[BlackElo "2481"]
[EventDate "2005.04.19"]
[PlyCount "57"]

1.e4 c5 2.Nc3 a6 3.Nf3 d6 4.d4 cxd4 5.Nxd4 Nf6 6.Be3 e5 7.Nb3 Be7 8.Bc4 
O-O 9.Nd5 Nxd5 10.Bxd5 Nd7 11.O-O Nf6 12.c4 Nxd5 13.exd5 f5 14.f4 Bf6 15.
Qd2 a5 16.Rae1 a4 17.Nc1 Bd7 18.Qb4 Ra6 19.fxe5 dxe5 20.Qxb7 Bc8 21.Qb5 
Bh4 22.Bf2 f4 23.Nd3 Rh6 24.Nxe5 Bxf2+ 25.Rxf2 Rh5 26.Re4 Qf6 27.Rexf4 
Qxf4 28.Rxf4 Rxf4 29.Qe8+ 1-0

[Event "RUS-chT 1L"]
[Site "Sochi RUS"]
[Date "2005.04.20"]
[Round "2"]
[White "Lputian, Smbat"]
[Black "Sambuev, Bator"]
[Result "1-0"]
[WhiteElo "2640"]
[BlackElo "2505"]
[EventDate "2005.04.19"]
[PlyCount "80"]

1.d4 Nf6 2.c4 e6 3.Nf3 b6 4.g3 Ba6 5.b3 b5 6.cxb5 Bxb5 7.Bg2 Bc6 8.O-O a5 
9.Nc3 Bb4 10.Qc2 O-O 11.Bg5 Ra7 12.Rfd1 Bxc3 13.Qxc3 Ne4 14.Qxc6 Nxc6 15.
Bxd8 Rxd8 16.Rac1 Nb4 17.Ne5 f5 18.a3 Nd5 19.Rd3 Nef6 20.e3 Rb8 21.f3 Rab7
22.e4 Ne7 23.Rcc3 d6 24.Nc4 a4 25.b4 c5 26.dxc5 dxc5 27.bxc5 Rb1+ 28.Kf2 
fxe4 29.fxe4 Nc6 30.Bf3 e5 31.Rd6 Rf8 32.Kg2 Nd4 33.Rb6 Ra1 34.c6 g5 35.c7
g4 36.Rxf6 Ra2+ 37.Kg1 Ra1+ 38.Kf2 Ra2+ 39.Ke3 Rc8 40.Nd6 Rxc7 1-0

[Event "RUS-chT 1L"]
[Site "Sochi RUS"]
[Date "2005.04.20"]
[Round "2"]
[White "Makarov, Marat"]
[Black "Rychagov, Andrei"]
[Result "1/2-1/2"]
[WhiteElo "2515"]
[BlackElo "2525"]
[EventDate "2005.04.19"]
[PlyCount "109"]

1.d4 d5 2.c4 c6 3.Nf3 Nf6 4.Nc3 a6 5.cxd5 cxd5 6.Bf4 Nc6 7.Rc1 Ne4 8.e3 
Nxc3 9.bxc3 Bf5 10.Bd3 Bxd3 11.Qxd3 e6 12.O-O Bd6 13.Bxd6 Qxd6 14.c4 dxc4 
15.Rxc4 h6 16.Rfc1 O-O 17.Qb1 Rfd8 18.Rc5 Rab8 19.Nd2 Qf8 20.Nc4 Ne7 21.
Nb6 Nc8 22.Rc7 Nxb6 23.Qxb6 Qd6 24.Qxd6 Rxd6 25.Kf1 Kf8 26.Rb1 b5 27.Rbc1 
Rbb6 28.Ke2 Ke8 29.Kd3 b4 30.Ra7 Rd7 31.Rc8+ Ke7 32.Rcc7 Rxc7 33.Rxc7+ Kd6
34.Rxf7 Rc6 35.Rxg7 Rc3+ 36.Ke4 Ra3 37.Rg6 Rxa2 38.d5 b3 39.Rxe6+ Kc7 40.
Rc6+ Kb7 41.Rc3 Ra3 42.Rc4 a5 43.Kd3 Ra2 44.d6 Rxf2 45.Rc7+ Kb6 46.Rc8 b2 
47.Rb8+ Kc6 48.Kc3 Rxg2 49.Rxb2 Rxb2 50.Kxb2 Kxd6 51.Kb3 Ke5 52.Ka4 Ke4 
53.Kxa5 Kxe3 54.Kb4 Kf3 55.Kc3 1/2-1/2

[Event "RUS-chT 1L"]
[Site "Sochi RUS"]
[Date "2005.04.20"]
[Round "2"]
[White "Nevostruev, Vladimir"]
[Black "Anisimov, Pavel"]
[Result "1/2-1/2"]
[WhiteElo "2481"]
[BlackElo "2476"]
[EventDate "2005.04.19"]
[PlyCount "63"]

1.e4 c5 2.Nf3 d6 3.d4 cxd4 4.Nxd4 Nf6 5.Nc3 Nc6 6.Bg5 e6 7.f4 Be7 8.Bb5 
Bd7 9.Bxc6 Bxc6 10.Qd3 Qa5 11.O-O-O O-O 12.Kb1 Rfc8 13.g4 Be8 14.Bxf6 Bxf6
15.g5 Be7 16.h4 b5 17.h5 b4 18.Nce2 Qc5 19.g6 h6 20.f5 e5 21.gxf7+ Bxf7 
22.Ne6 Qc4 23.b3 Qxd3 24.Rxd3 Rc6 25.c4 bxc3 26.Nxc3 Re8 27.Nd5 Bxe6 28.
fxe6 Bg5 29.b4 Rxe6 30.b5 Rc5 31.a4 Re8 32.Rb3 1/2-1/2

[Event "RUS-chT 1L"]
[Site "Sochi RUS"]
[Date "2005.04.20"]
[Round "2"]
[White "Nikolenko, Oleg"]
[Black "Turov, Maxim"]
[Result "1/2-1/2"]
[WhiteElo "2527"]
[BlackElo "2522"]
[EventDate "2005.04.19"]
[PlyCount "55"]

1.e4 e5 2.Nf3 Nf6 3.Nxe5 d6 4.Nf3 Nxe4 5.d4 d5 6.Bd3 Nc6 7.O-O Be7 8.c4 
Nb4 9.cxd5 Nxd3 10.Qxd3 Qxd5 11.Re1 Bf5 12.Nc3 Nxc3 13.Qxc3 Be6 14.Re5 Qd7
15.Bg5 Bxg5 16.Nxg5 O-O-O 17.Rc1 c6 18.Nxe6 fxe6 19.Rd1 Rhe8 20.h4 Qe7 21.
h5 Rd5 22.Qd3 h6 23.Rde1 Qd7 24.R1e4 Rxe5 25.Rxe5 Rd8 26.Qg6 Qxd4 27.Qxe6+
Kc7 28.Qf5 1/2-1/2

[Event "RUS-chT 1L"]
[Site "Sochi RUS"]
[Date "2005.04.20"]
[Round "2"]
[White "Obolenskikh, Dmitry"]
[Black "Lanin, Alexsej"]
[Result "1-0"]
[WhiteElo "2406"]
[BlackElo "2407"]
[EventDate "2005.04.19"]
[PlyCount "81"]

1.e4 c5 2.Nf3 d6 3.d4 cxd4 4.Nxd4 Nf6 5.Nc3 a6 6.f3 e5 7.Nb3 Be7 8.Be3 Be6
9.Qd2 O-O 10.O-O-O Qc7 11.g4 Rc8 12.g5 Nh5 13.h4 Nd7 14.Bh3 Nb6 15.Bxb6 
Qxb6 16.Nd5 Bxd5 17.Bxc8 Bxb3 18.Bg4 Ng3 19.Rh3 Nxe4 20.fxe4 Bxa2 21.b3 a5
22.Kb2 a4 23.Ra1 d5 24.Rxa2 a3+ 25.Kb1 dxe4 26.Qe3 Qb4 27.Bf5 Rd8 28.Rh1 
Rd3 29.Qe2 Rd4 30.Re1 Bd8 31.Rd1 e3 32.Bd3 Bb6 33.h5 Bc5 34.g6 e4 35.Bc4 
Rxd1+ 36.Qxd1 hxg6 37.hxg6 Qd2 38.Qf1 Qf2 39.gxf7+ Kf8 40.c3 e2 41.Qxf2 
1-0

[Event "RUS-chT 1L"]
[Site "Sochi RUS"]
[Date "2005.04.20"]
[Round "2"]
[White "Obolenskikh, Dmitry"]
[Black "Sveshnikov, Evgeny"]
[Result "1/2-1/2"]
[WhiteElo "2406"]
[BlackElo "2499"]
[EventDate "2005.04.19"]
[PlyCount "82"]

1.e4 c5 2.Nf3 Nc6 3.d4 cxd4 4.Nxd4 e5 5.Nb5 d6 6.N1c3 a6 7.Na3 b5 8.Nd5 
Nf6 9.Bg5 Be7 10.Bxf6 Bxf6 11.c3 O-O 12.Nc2 Rb8 13.Be2 Bg5 14.O-O Be6 15.
Ncb4 Nxb4 16.Nxb4 Qb6 17.a4 a5 18.Nd5 Bxd5 19.Qxd5 bxa4 20.Rfb1 Rfc8 21.
Bc4 Qc5 22.Rxa4 Qxd5 23.Bxd5 Bd8 24.Ba2 Kf8 25.Kf1 Rb7 26.Ke2 Rcb8 27.b4 
axb4 28.cxb4 Bb6 29.Bd5 Rc7 30.Rb2 Bd4 31.Rba2 Ke7 32.g3 g6 33.g4 Kf6 34.
h4 h6 35.Kf3 Ke7 36.Kg2 Kf6 37.R2a3 Kg7 38.Rb3 Rc2 39.Rf3 Rc7 40.Rb3 Rc2 
41.Rf3 Rc7 1/2-1/2

[Event "RUS-chT 1L"]
[Site "Sochi RUS"]
[Date "2005.04.20"]
[Round "2"]
[White "Ogloblin, Nikolay"]
[Black "Berezhevsky, Evgeny"]
[Result "1-0"]
[WhiteElo "2424"]
[BlackElo "2385"]
[EventDate "2005.04.19"]
[PlyCount "119"]

1.Nf3 Nf6 2.g3 d5 3.Bg2 c6 4.O-O Bf5 5.d3 e6 6.c4 Nbd7 7.Nc3 h6 8.cxd5 
cxd5 9.Qa4 a6 10.e4 b5 11.Qc2 dxe4 12.dxe4 Bh7 13.Nd4 Bc5 14.Rd1 O-O 15.
Qe2 Bxd4 16.Rxd4 e5 17.Rd1 Qe7 18.Be3 Qe6 19.a4 Qc4 20.Qxc4 bxc4 21.Bh3 
Rfd8 22.f3 Nf8 23.Bf1 Rdc8 24.a5 Rab8 25.Rd2 Rc6 26.Ra4 Rbc8 27.Rb4 g5 28.
Rb6 Kg7 29.Rd6 Rxd6 30.Rxd6 Ne6 31.Bh3 g4 32.Bxg4 Nxg4 33.fxg4 Rb8 34.Rb6 
Rd8 35.Rxa6 Ng5 36.Bxg5 hxg5 37.Rb6 Rd4 38.a6 Bxe4 39.a7 Bf3 40.Kf2 Bh1 
41.Ke2 Rd7 42.Nb5 Rd3 43.Rb8 Bf3+ 44.Kf2 e4 45.Nc3 Rd2+ 46.Ke1 e3 47.a8=Q 
Bxa8 48.Rxa8 Rxb2 49.Ra2 Rb3 50.Rc2 Kf6 51.Ke2 Ke5 52.Kxe3 f6 53.Kd2 Kd4 
54.Ne2+ Kd5 55.Ra2 Rd3+ 56.Kc2 Rf3 57.Ra5+ Kd6 58.Nd4 Rf2+ 59.Kc3 Rxh2 60.
Kxc4 1-0

[Event "RUS-chT 1L"]
[Site "Sochi RUS"]
[Date "2005.04.20"]
[Round "2"]
[White "Ozgibtsev, Anatoly"]
[Black "Novik, Maxim"]
[Result "1/2-1/2"]
[WhiteElo "2433"]
[BlackElo "2494"]
[EventDate "2005.04.19"]
[PlyCount "98"]

1.e4 c6 2.d4 d5 3.exd5 cxd5 4.c4 Nf6 5.Nc3 g6 6.cxd5 Nxd5 7.Nf3 Bg7 8.Be2 
O-O 9.O-O Nc6 10.Bg5 h6 11.Be3 Be6 12.Qd2 Kh7 13.Ne4 Qa5 14.Rfd1 Rad8 15.
Qxa5 Nxa5 16.Rac1 b6 17.Bd2 Nb7 18.Ne5 Nd6 19.Nxd6 Rxd6 20.Bf3 Bf6 21.g3 
Kg7 22.h4 h5 23.a3 Kg8 24.b4 b5 25.Rc5 a6 26.Nc6 Bg4 27.Bxg4 hxg4 28.Re1 
e6 29.Bg5 Bg7 30.Rec1 f6 31.Bd2 Kf7 32.Kg2 Rh8 33.Na5 Ra8 34.Rc6 Bf8 35.
Rxd6 Bxd6 36.Rc6 Bc7 37.Nb3 Bb6 38.Nc5 Re8 39.f3 gxf3+ 40.Kxf3 Re7 41.g4 
Re8 42.h5 gxh5 43.gxh5 f5 44.Rd6 Rd8 45.Nd7 Ke8 46.Nf6+ Kf7 47.Nd7 Ke8 48.
Nf6+ Kf7 49.Nd7 Ke8 1/2-1/2

[Event "RUS-chT 1L"]
[Site "Sochi RUS"]
[Date "2005.04.20"]
[Round "2"]
[White "Pogromsky, Mikhail"]
[Black "Kositsin, Sergey"]
[Result "1/2-1/2"]
[WhiteElo "2291"]
[BlackElo "2446"]
[EventDate "2005.04.19"]
[PlyCount "82"]

1.d4 Nf6 2.Nf3 g6 3.c4 Bg7 4.Nc3 O-O 5.Bg5 h6 6.Bh4 c5 7.d5 Qa5 8.Nd2 d6 
9.e4 a6 10.Bd3 b5 11.O-O b4 12.Ne2 e5 13.f3 Qc7 14.Kh1 Nh5 15.Bf2 Nd7 16.
g3 a5 17.Be3 Qd8 18.Rg1 Qe7 19.Nf1 f5 20.exf5 gxf5 21.g4 fxg4 22.fxg4 Nf4 
23.Nfg3 Nxd3 24.Qxd3 Nf6 25.Nf5 Bxf5 26.gxf5 Kh7 27.Rg6 Rf7 28.Rag1 Qf8 
29.Ng3 Raa7 30.Ne4 Kh8 31.Bd2 Nxe4 32.Qxe4 Rxf5 33.Bxh6 Rff7 34.Bxg7+ Rxg7
35.Rh6+ Rh7 36.Rhg6 Rag7 37.Rxg7 Rxg7 38.Qh4+ Rh7 39.Qg4 Rg7 40.Qh3+ Rh7 
41.Qg4 Rg7 1/2-1/2